Himno de bahía blanca (folleto) /

Guardado en:
Formato: Libro
Publicado: : , 0
Materias:
Fc
Etiquetas: Agregar Etiqueta
Sin Etiquetas, Sea el primero en etiquetar este registro!
LEADER 00631nam a22001935a 4500
001 CEM.cems008516
005 20060214000000.0
008 130507b######################000#0#####d
003 CEMS
082 0 4 |a F982.1 
245 0 0 |a Himno de bahía blanca (folleto) / 
260 |a  :  |b , 0 
653 |a Fc 
653 |a Bahia blanca-himno 
653 |a Bahia blanca-musica 
859 |a CEMS  |b BIB. CEMS - 11 de abril  |h F982.1  |i 7  |p 1192.44  |t Ej.1 
859 |a CEMS  |b BIB. CEMS - 11 de abril  |h F982.1  |i 7  |p 1193.44  |t Ej.2 
859 |a CEMS  |b BIB. CEMS - 11 de abril  |h F982.1  |i 7  |p 1194.44  |t Ej.3 
859 |a CEMS  |b BIB. CEMS - 11 de abril  |h F982.1  |i 7  |p 1195.44  |t Ej.4